Napäťovo-deformačná analýza sila na uskladnenie múky

Guardado en:
Detalles Bibliográficos
Autor principal: Bernát, Matúš (Autor)
Otros Autores: Jančo, Roland (Orientador)
Formato: Manuscrito Libro
Lenguaje:eslovaco
Publicado: 2018
Materias:
Acceso en línea:http://is.stuba.sk/zp/portal_zp.pl?podrobnosti=125150
Etiquetas: Agregar Etiqueta
Sin Etiquetas, Sea el primero en etiquetar este registro!

MARC

LEADER 00000ntm a22000003a 4500
001 stuzp69737
003 SK-STU
005 20180820161727.7
007 ta
008 150427s2015----xo-----f-mn---000-0-slo-d
040 |a STU  |b slo 
041 0 |a slo 
100 1 |a Bernát, Matúš  |u 020010  |4 aut  |U SjF Strojnícka fakulta  |T SjF Ústav aplikovanej mechaniky a mechatroniky  |X 81302  |U J0010  |Y 801  |7 81302 
242 0 1 |a Stress-strain analysis of thin-walled storage tank for flour  |y eng 
245 1 0 |a Napäťovo-deformačná analýza sila na uskladnenie múky 
260 |c 2018 
650 4 |a metóda konečných prvkov  |2 slo 
650 4 |a škrupinový prvok  |2 slo 
650 4 |a tenkostenná nádoba  |2 slo 
650 4 |a shell element  |2 eng 
650 4 |a thin-walled container  |2 eng 
650 4 |a method of finite elements  |2 eng 
700 1 |a Jančo, Roland  |u 020010  |k Z1  |4 ths  |U SjF Strojnícka fakulta  |T SjF Ústav aplikovanej mechaniky a mechatroniky  |X 2227  |U J0010  |Y 801  |7 A000002227 
856 4 |u http://is.stuba.sk/zp/portal_zp.pl?podrobnosti=125150 
996 |b 284J046865  |c J* 3365/DBP  |l JJSK  |s A  |a 24  |w stuzp69737_0001